Fizcarraldo Φιτζκαράλντο

Ένας Ιρλανδός τυχοδιώκτης ονειρεύεται να φτιάξει μία όπερα στη ζούγκλα του Αμαζονίου και βάζει μπροστά ένα παράτολμο σχέδιο για να το πετύχει.

Αποθηκεύτηκε σε:
Λεπτομέρειες βιβλιογραφικής εγγραφής
Άλλοι συγγραφείς: Herzog, Werner, 1942- (Διευθυντής, Σεναριογράφος), Kinski, Klaus (Ηθοποιός), Cardinale, Claudia, 1939- (Ηθοποιός), Lewgoy, José (Ηθοποιός), Hittscher, Paul, -1922 (Ηθοποιός)
Μορφή: Διαφάνειες
Γλώσσα:German
Greek
Δημοσίευση: Αθήνα : Prooptiki [Εταιρεία διανομής], [1982]
Σειρά:Herzog collection
Θέματα:
Ετικέτες: Προσθήκη ετικέτας
Δεν υπάρχουν, Καταχωρήστε ετικέτα πρώτοι!

MARC

LEADER 00000cgm a2200000 i 4500
001 1/2378
008 091208s1982 gr ||| | || ||ger||
035 |l 10105973 
040 |a GR-MyUa  |b gre  |e AACR2 
041 1 |a ger  |j gre 
082 7 |a 791.437   |2 (22) 
245 0 0 |a Fizcarraldo   |h [μαγνητοσκόπηση] =   |b Φιτζκαράλντο /   |c σενάριο-σκηνοθεσία Werner Herzog.  
246 1 |i Παράλληλος τίτλος:   |a Φιτζκαράλντο 
260 |a Αθήνα :   |b Prooptiki [Εταιρεία διανομής],   |c [1982] 
300 |a 1 βιντεοδίσκος (151 λεπτ.) :   |b ομίλ., έγχρ. ;   |c 4 3/4 ίν. 
490 1 |a (The Herzog collection) 
500 |a Κυκλοφόρησε πρώτη φορά ως κινηματογραφική ταινία το 1982. 
508 |a Σενάριο, σκηνοθεσία, Werner Herzog ; παραγωγή, Werner Herzog, Lucki Stipetic. 
511 0 |a Klaus Kinski, Claudia Cardinale, Jose Lewgoy, Paul Hittscher.  
520 8 |a Ένας Ιρλανδός τυχοδιώκτης ονειρεύεται να φτιάξει μία όπερα στη ζούγκλα του Αμαζονίου και βάζει μπροστά ένα παράτολμο σχέδιο για να το πετύχει. 
521 8 |a Κατάλληλο για άτομα άνω των 13 ετών.  
546 |a Στα γερμανικά με υπότιτλους στα ελληνικά. 
650 0 |a Opera  |z Peru  |v Drama. 
655 7 |a Feature films  |2 lcgft 
700 1 |a Herzog, Werner,   |d 1942-  |e drt  |e aus 
700 1 |a Kinski, Klaus,  |e act 
700 1 |a Cardinale, Claudia,   |d 1939-  |e act 
700 1 |a Lewgoy, José,  |e act 
700 1 |a Hittscher, Paul,   |d -1922,  |e act 
830 0 |a Herzog collection 
852 |a INST  |b SYROS  |c AV  |e 20091208  |h 791.437 HER  |p 005500008001  |q 005500008001  |t DVD  |y 23 
901 |a BIBL5-2008-1 
922 |a 5ΕΛΗ  |b 200709  |c Βιβλιοθήκη Σύρου  |d Anaco 
970 |a Κοντού  |b Παρασκευή  |z 08/12/2009